000 00465nam a22001937a 4500
003 MPLRDC
005 20220104144209.0
008 210129b ||||| |||| 00| 0 eng d
020 _a986-80284-6-9
082 _a848.4 ST-8
100 _a苏童著
245 _a蛇为什么会飞
_c
250 _a一版一刷
260 _a
_b一方出版有限公司
_c2002
300 _b
490 _a一方文学
650 _a现代别集
942 _cBK
_o848.4 ST-8
999 _c47314
_d47304